Biblioteca y Centro de Documentación

Vista normal Vista MARC

Entrada Nombre de reunión

Número de registros utilizados en: 1

001 - NÚMERO DE CONTROL

  • Campo de control: 35829

003 - IDENTIFICADOR DE NÚMERO DE CONTROL

  • Campo de control: ES-MaCES

005 - FECHA Y HORA DE LA ULTIMA MODIFICACION

  • Campo de control: 20150708130617.0

008 - ELEMENTOS DE DATOS DE LONGITUD FIJA

  • Campo de longitud fija: 150708|| azz||aabn | a|a d

040 ## - FUENTE DE LA CATALOGACIÓN

  • Agencia original de catalogación: ES-MaCES

111 22 - ENCABEZAMIENTO--NOMBRE DE REUNIÓN

  • Nombre de reunión o jurisdicción como elemento de entrada: Seminario sobre Trabajo y Género, "La Inserción Laboral de las Mujeres Pertenecientes a Grupos con Riesgo de Exclusión Social en un Contexto Económico de Crisis"
  • Fecha de reunión: 2014
  • Lugar de la reunión: León

670 ## - FUENTE DE DATOS ENCONTRADOS

  • Fuente de citación: CD del CES
© CES, Consejo Económico y Social de España 2021